| 000 | 00000nam##2200000za#4500 |
| 001 | 9.666807 |
| 003 | CaOODSP |
| 005 | 20210615123117 |
| 007 | ta |
| 008 | 150407|2005||||xxc||||| f|0| 0 eng|d |
| 020 | |a0-662-69248-9 |
| 040 | |aCaOODSP|beng |
| 041 | |aeng |
| 041 | |afre |
| 043 | |an-cn--- |
| 086 | 1 |aFs23-472/2005-1 |
| 110 | 1 |aCanada. |bDepartment of Fisheries and Oceans. |
| 245 | 10|aCanada's Oceans Action Plan for present and future generations |
| 260 | |aOttawa - Ontario : |bFisheries and Oceans Canada |c2005. |
| 300 | |aEnglish text, 20p. : |bphotographs ; |c28 cm. |
| 520 | 3 |aThis report presents Canada’s blueprint for managing its oceans. The Oceans Action Plan is based on four interconnected pillars: international leadership, sovereignty, and security; integrated oceans management for sustainable development; health of the oceans; and ocean science and technology. The plan discusses each pillar and sets out the initiatives planned under each for the first phase of the plan. |
| 563 | |aSoftcover |
| 590 | |a05-47|b2005-11-25 |
| 690 | 07|aOceans|2gcpds |
| 690 | 07|aSustainable development|2gcpds |
| 776 | 0#|tPlan d'action du Canada pour les océans pour les générations d'aujourd'hui et de demain |w(CaOODSP)9.632191 |
| 776 | 0#|tCanada's Oceans Action Plan for present and future generations |w(CaOODSP)9.687748 |
| 792 | |tPlan d'action du Canada pour les océans pour les générations d'aujourd'hui et de demain |efre|w(CaOODSP)9.666808 |
| 986 | |aDFO/2005-348 |